000 00193nam a2200073Ia 4500
008 170524s9999 xx 000 0 und d
100 _aPANT- NAVIN CHANDRA
245 0 _aMudran ke Takniki Sidhant
260 _bN DELHI TAKSHSHILA
999 _c9279
_d9279